All About House Plants : Their Selection, Culture and Propagation, and How Best to Use Them for Decorative Effect /
Guardat en:
| Autor principal: | |
|---|---|
| Format: | Llibre |
| Idioma: | anglès |
| Publicat: |
Garden City, EUA :
The American Garden Guild : Doubleday,
1946, c1946
|
| Etiquetes: |
Sense etiquetes, Sigues el primer a etiquetar aquest registre!
|
MARC
| LEADER | 00000nam^a2200000^a^4500 | ||
|---|---|---|---|
| 001 | 000621717 | ||
| 005 | 20250930000000.0 | ||
| 009 | 20260310133903.949 | ||
| 037 | |a Acervo ITESO - Biblioteca | ||
| 041 | |a ING | ||
| 091 | |a FOB. 02021 | ||
| 100 | |a Free, Montague |e (autor) | ||
| 245 | 1 | 0 | |a All About House Plants : |b Their Selection, Culture and Propagation, and How Best to Use Them for Decorative Effect / |
| 264 | 4 | |a Garden City, EUA : |b The American Garden Guild : |b Doubleday, |c 1946, c1946 | |
| 300 | |a VIII, 328 p. | ||
| 336 | |a texto |b txt |2 rdacontenido | ||
| 337 | |a sin mediación |b n |2 rdamedio | ||
| 338 | |a volumen |b nc |2 rdasoporte | ||
| 649 | |a XX | ||
| 910 | |a Fondo Carlos de Obeso Orendain | ||
| 920 | |a Impresos - Libros | ||
| 930 | |a Fondos Especiales | ||
| 905 | |a 147 | ||
| 901 | |a 621717-10 |b IT2 |c ESP |i D |u 20250930 | ||
| 902 | |a https://opac.biblio.iteso.mx/vufind/Record/000621717 | ||